000
00375nam a2200133Ia 4500
008
151001s9999||||xx |||||||||||||| ||und||
100
_a
अविनाश धर्माधिकारी
245
_a
विजय पथ
250
_a
1
260
_b
संवाद प्रकाशन मुंबई
260
_c
1993
300
_a
181
365
_b
21
999
_c
970152
_d
970149